Formulaire de mécanique

-д хадгалсан:
Номзүйн дэлгэрэнгүй
Үндсэн зохиолч: Saint-Martin, M (Зохиогч)
Формат: Ном
Хэл сонгох:франц
Хэвлэсэн: París Technique & Vulgarisation 1962
Цуврал:Des Etudes a l'Industrie
Нөхцлүүд:
Шошгууд: Шошго нэмэх
Шошго байхгүй, Энэхүү баримтыг шошголох эхний хүн болох!

MARC

LEADER 00000nam a2200000 a 4500
001 UCT3008
003 CL-VaPUC
008 961018e19620000FR |||||||||||||||||fre|d
082 0 4 |a 531  |b SAI  |2 21 
100 0 |a Saint-Martin, M  |e author  |9 372015 
245 1 0 |a Formulaire de mécanique 
300 |a 215 p 
942 |c BK 
945 |d 19961018 00:00:00  |a cmena 
260 |a París  |b Technique & Vulgarisation  |c 1962 
500 |a Lycées techniques. Collèges d'Enseignement Technique 
650 0 |a Mecánica   |9 260096 
650 0 |a Física   |9 227844 
650 0 |a Mecánica de fluidos   |9 259464 
650 0 |a Cinemática  |9 260942 
650 0 |a Propiedades mecánicas   |9 262507 
583 |a last modification  |c 19961018 00:00:00  |k Rodrigo Vera 
490 0 |a Des Etudes a l'Industrie 
999 |c 252863  |d 252861 
952 |0 0  |1 0  |4 0  |6 531_000000000000000_SAI_1962  |7 0  |8 A  |9 272988  |a BIBCUR  |b BIBCUR  |d 2019-11-19  |i 1768425  |o 531 SAI 1962  |p 1768425  |r 2024-01-29  |w 2019-11-19  |y BK  |k BCB